21% MONSTER : (Record no. 197949)
[ view plain ]
| 000 -LEADER | |
|---|---|
| fixed length control field | 01610nam a2200289 i 4500 |
| 003 - CONTROL NUMBER IDENTIFIER | |
| control field | OSt |
| 005 - DATE AND TIME OF LATEST TRANSACTION | |
| control field | 20241216112005.0 |
| 008 - FIXED-LENGTH DATA ELEMENTS--GENERAL INFORMATION | |
| fixed length control field | 241216t20222022enk j 000 1 eng d |
| 020 ## - INTERNATIONAL STANDARD BOOK NUMBER | |
| International Standard Book Number | 9781801315777 |
| Terms of availability | RM 56.00 |
| Qualifying information | paperback |
| 040 ## - CATALOGING SOURCE | |
| Original cataloging agency | PPAK |
| Language of cataloging | eng |
| Transcribing agency | PPAK |
| Description conventions | rda |
| 082 04 - DEWEY DECIMAL CLASSIFICATION NUMBER | |
| Edition number | 23 |
| Classification number | 823.92 |
| 090 00 - LOCALLY ASSIGNED LC-TYPE CALL NUMBER (OCLC); LOCAL CALL NUMBER (RLIN) | |
| Classification number (OCLC) (R) ; Classification number, CALL (RLIN) (NR) | 823.92 |
| Feature heading | CAN |
| Feature heading | K |
| 100 1# - MAIN ENTRY--PERSONAL NAME | |
| Personal name | Canning, P. J., |
| Relator term | author. |
| 245 10 - TITLE STATEMENT | |
| Title | 21% MONSTER : |
| Remainder of title | SERPENT STRIKE / |
| Statement of responsibility, etc. | P.J. CANNING |
| 264 #1 - PRODUCTION, PUBLICATION, DISTRIBUTION, MANUFACTURE, AND COPYRIGHT NOTICE | |
| Place of production, publication, distribution, manufacture | London : |
| Name of producer, publisher, distributor, manufacturer | Usborne Publishing Ltd., |
| Date of production, publication, distribution, manufacture, or copyright notice | 2022 |
| 300 ## - PHYSICAL DESCRIPTION | |
| Extent | 333 pages ; |
| Dimensions | 20 cm |
| 336 ## - CONTENT TYPE | |
| Content type term | text |
| Source | rdacontent |
| 337 ## - MEDIA TYPE | |
| Media type term | unmediated |
| Source | rdamedia |
| 338 ## - CARRIER TYPE | |
| Carrier type term | volume |
| Source | rdacarrier |
| 490 1# - SERIES STATEMENT | |
| Series statement | 21% MONSTER |
| 520 ## - SUMMARY, ETC. | |
| Summary, etc. | Fun, fast-paced, high-octane action adventure, 21% Monster is a perfect page-turning series for fans of Alex Rider, Percy Jackson and the MCU generation.For once, 21% monster teenage-boy Darren Devlin thinks he has the upper hand over Xastris, the secret organisation that transformed him into a genetically-modified superhuman. Since joining forces with 19% alien boy Marek Masters, 17% sabre-tooth polar-bear Aurora Valero, and now 16% alien girl Genie, Darren has never been in a stronger position...but neither have Xastris. For they are planning an attack on the world's greatest superpowers, with the fate of millions at stake. Can Darren and the team intercept Operation Serpent Strike...or will Xastris land their deadliest bite yet?"--Publisher's description |
| 650 10 - SUBJECT ADDED ENTRY--TOPICAL TERM | |
| Topical term or geographic name entry element | Children's stories, English |
| Topical term or geographic name entry element | Monsters |
| Form subdivision | Juvenile fiction |
| 655 ## - INDEX TERM--GENRE/FORM | |
| Genre/form data or focus term | Children's stories |
| 830 #0 - SERIES ADDED ENTRY--UNIFORM TITLE | |
| Uniform title | 21% monster |
| 942 ## - ADDED ENTRY ELEMENTS (KOHA) | |
| Source of classification or shelving scheme | Dewey Decimal Classification |
| Koha item type | Book |
| Withdrawn | Not for loan | Current library | Shelving location | Date acquired | Total Checkouts | Full call number | Barcode | Date last seen | Koha item type | Date last checked out |
|---|---|---|---|---|---|---|---|---|---|---|
| Perpustakaan Alor Setar | Pinjaman Kanak-kanak | 02/02/2025 | K 823.92 CAN | A01856140 | 02/02/2025 | Book | ||||
| Perpustakaan Awam Sungai Petani | Pinjaman Kanak-kanak | 02/02/2025 | 2 | K 823.92 CAN | A01856141 | 20/09/2025 | Book | 13/09/2025 | ||
| Perpustakaan Baling | Pinjaman Kanak-kanak | 02/02/2025 | K 823.92 CAN | A01856144 | 02/02/2025 | Book | ||||
| Perpustakaan Kulim | Pinjaman Kanak-kanak | 02/02/2025 | K 823.92 CAN | A01856143 | 02/02/2025 | Book | ||||
| Perpustakaan Langkawi | Pinjaman Kanak-kanak | 02/02/2025 | 2 | K 823.92 CAN | A01856142 | 08/03/2026 | Book | 15/02/2026 |